| 000 | 00679nam a22002171 4500 | ||
|---|---|---|---|
| 001 | 21084 | ||
| 003 | CZ PrNK | ||
| 005 | 20260212150239.0 | ||
| 008 | 020212s1968 xo slo | ||
| 040 |
_aABA001 _bcze _cABA001 _dABA001 |
||
| 100 | 1 |
_aHoleček, Jaroslav, _d1911-1973 _4pht |
|
| 245 | 1 | 0 |
_aSivá vlčice : _b[Fot. publ.] / _cJaroslav Holeček ; Text naps. Miloš Krno |
| 250 | _a1. vyd. | ||
| 260 |
_aBratislava : _bVyd. pol. literatúry, _c1968 |
||
| 300 |
_a149 s. ; _c8° |
||
| 490 | 1 |
_aKnižnica Ľudového kalendára ; _vZv. 3 |
|
| 700 | 1 |
_aKrno, Miloš, _d1922-2007 _4trl |
|
| 830 | 0 | _aKnižnica Ľudového kalendára | |
| 910 | _aABA001 | ||
| 942 |
_2ddc _cKLDO _n0 |
||
| 999 |
_c21084 _d21084 |
||